Formulation of quality audit plans for the equipments of A.C. electric locomotive for Indian railways with specific reference to maintenance aspects (Record no. 482107)

000 -LEADER
fixed length control field 00627cam a22001577a 4500
008 - FIXED-LENGTH DATA ELEMENTS--GENERAL INFORMATION
fixed length control field 180718b1997 xxu||||| |||| 00| 0 eng d
082 ## - DEWEY DECIMAL CLASSIFICATION NUMBER
Classification number APPPA 96-97 BAN
100 ## - MAIN ENTRY--PERSONAL NAME
Personal name Bansal, R.K.
245 ## - TITLE STATEMENT
Title Formulation of quality audit plans for the equipments of A.C. electric locomotive for Indian railways with specific reference to maintenance aspects
Statement of responsibility, etc. by R.K. Bansal
260 ## - PUBLICATION, DISTRIBUTION, ETC.
Place of publication, distribution, etc. New Delhi
Name of publisher, distributor, etc. Indian Institute of Public Administration
Date of publication, distribution, etc. 1997
300 ## - PHYSICAL DESCRIPTION
Extent 117p.
500 ## - GENERAL NOTE
General note An APPPA M.Phil dissertation, 1996-97
650 ## - SUBJECT ADDED ENTRY--TOPICAL TERM
Topical term or geographic name entry element APPPA
650 ## - SUBJECT ADDED ENTRY--TOPICAL TERM
Topical term or geographic name entry element Indian Railways - Auditing
650 ## - SUBJECT ADDED ENTRY--TOPICAL TERM
Topical term or geographic name entry element Railroads - Equipments and supplies - India
Holdings
Withdrawn status Lost status Damaged status Not for loan Permanent Location Current Location Date acquired Full call number Barcode Date last seen Price effective from Koha item type
        Indian Institute of Public Administration Indian Institute of Public Administration 2018-08-04 APPPA 96-97 BAN GR14350 2018-08-04 2018-08-04 GR

Powered by Koha